000 00734nam a22002297a 4500
003 0
005 20250331103353.0
008 250329b xxu||||| |||| 00| 0 eng d
020 _a978-0357-71404-1
050 _aHF 5636
_b.W37 2023
100 _aWarren, Carl S.
245 _aFinancial & managerial accounting
_cCarl S. Warren and two others
250 _aSixteenth edition
260 _aMason, Ohio
_bCengage
_c2023
300 _axxvi, 1463 pages :
_bcolored illustrations ;
_c28cm.
504 _aIncludes bibliographical references, glossary, and index.
650 _aManagerial Accounting.
650 _aFinancial accounting.
700 _aJones, Jefferson P.
700 _aTayler, William B.
942 _2lcc
_cBK
999 _c367349
_d367349